| 000 | 00765nam a22002177a 4500 | ||
|---|---|---|---|
| 003 | OSt | ||
| 005 | 20260120003120.0 | ||
| 008 | 260120b |||||||| |||| 00| 0 eng d | ||
| 020 | _a0-07-240053-6 | ||
| 040 |
_aDWC-Main lib _cOC |
||
| 082 |
_26th edition _aCirc. 808.51 G822 2002 |
||
| 100 | _aGregory, H. | ||
| 245 |
_aPublic speaking for college and career _cGregory, Hamilton |
||
| 250 | _a6th edition | ||
| 260 |
_aNew York : _b McGraw-Hill higher education, _cc2002 |
||
| 300 |
_axi, 484 pages ; _bcolored illustration ; _c25 cm. |
||
| 500 | _apart of 0-0 | ||
| 504 | _aIncludes bibliographical references and index | ||
| 650 | _2Public speaking | ||
| 942 |
_2ddc _cBK-CIRC _e6th edition _hCirc. 808.51 G822 2002 _kCirc. _n0 |
||
| 999 |
_c7558 _d7558 |
||